EJDERHA YUVASI (Kayıt no. 725197)
[ düz görünüm ]
| 000 -LEADER | |
|---|---|
| sabit uzunluktaki kontrol alanı | 00242nam a2200097Ia 4500 |
| 001 - KONTROL NUMARASI | |
| kontrol alanı | 725197 |
| 005 - EN SON İŞLEMİN TARİH VE ZAMANI | |
| kontrol alanı | 20250826163405.0 |
| 008 - SABİT-UZUNLUKTA VERİ ÖĞELERİ--GENEL BİLGİ | |
| sabit uzunluktaki kontrol alanı | 250824s9999 xx 000 0 und d |
| 245 #0 - ESER / YAZAR | |
| ESER ADI | EJDERHA YUVASI |
| Yazar Adı | ROSIE BANKS |
| 260 ## - YAYIN, DAĞITIM, VB. | |
| YAYIN EVİ | DOĞAN EGMONT YAYINLARI |
| Düşüm durumu | Kayıp durumu | Hasar Durumu | Ödünç verilmez | Ana kütüphane | Geçerli Kütüphane | Edinilen tarih | Toplam ödünç verme sayısı | Barkod | Son görüntüleme tarihi | Son ödünç verme tarihi | Fiyatın geçerli olmaya başladığı tarih | Koha materyal türü |
|---|---|---|---|---|---|---|---|---|---|---|---|---|
| BORSA İSTANBUL ORTAOKULU | BORSA İSTANBUL ORTAOKULU | 24.08.2025 | 2 | 10314041 | 08.12.2025 | 27.11.2025 | 26.08.2025 | Kitaplar |